000
00466nam a2200145Ia 4500
008
100122s9999 xx 000 0 und d
082
_b
15685
_a
823.08
100
_a
लेखक शोधणे
245
_a
माणूसकीचा गहिवर
260
_b
प्रकाशक शोधणे
_c
1969
300
_a
200
630
_a
माणूसकीचा गहिवर
730
_a
माणूसकीचा गहिवर
942
_c
BOOK
999
_c
405880
_d
405877